Central Library OPAC University of Rajshahi

Tales of King Arthur / (Record no. 19853)

MARC details
000 -LEADER
fixed length control field 00694nam a22002292i 4500
001 - CONTROL NUMBER
control field 19853
003 - CONTROL NUMBER IDENTIFIER
rucl marc code BD-RjUL
005 - DATE AND TIME OF LATEST TRANSACTION
control field 20211209000503.0
008 - FIXED-LENGTH DATA ELEMENTS--GENERAL INFORMATION
fixed length control field 140225s1952 xxk 000 0 eng d
035 ## - SYSTEM CONTROL NUMBER
System control number (BD-RjUL)19914
040 ## - CATALOGING SOURCE
Original cataloging agency UKM
Transcribing agency UKM
Modifying agency EQO
-- BD-RjUL
Language of cataloging eng
041 ## - LANGUAGE CODE
Language code of text/sound track or separate title eng
082 ## - DEWEY DECIMAL CLASSIFICATION NUMBER
Classification number 398.220942
Edition number 18
Author mark and year TAL
100 1# - MAIN ENTRY--PERSONAL NAME
Personal name Walsh, J. H.
Fuller form of name (John Herbert),
Dates associated with a name 1911-
9 (RLIN) 60972
245 10 - TITLE STATEMENT
Title Tales of King Arthur /
Statement of responsibility, etc. illustrated by Joan Kiddell-Monroe
260 ## - PUBLICATION, DISTRIBUTION, ETC. (IMPRINT)
Place of publication, distribution, etc. London :
Date of publication, distribution, etc. 1952. [reprinted 1955]
Name of publisher, distributor, etc. Longmarce,
300 ## - PHYSICAL DESCRIPTION
Pagination 165 p. :
Illustrations ill. ;
Size 17 cm
650 ## - SUBJECT ADDED ENTRY--TOPICAL TERM
Topical term or geographic name as entry element poetry
9 (RLIN) 60973
830 #0 - SERIES ADDED ENTRY--UNIFORM TITLE
Uniform title Heritage of literature series, section A; no. 47
942 ## - ADDED ENTRY ELEMENTS (KOHA)
Source of classification or shelving scheme Dewey Decimal Classification
Koha item type Books
Holdings
Lost status Source of classification or shelving scheme Damaged status Not for loan Collection code Permanent Location Current Location Shelving location Date acquired Source of acquisition Cost, normal purchase price Total Checkouts Full call number Date last seen Copy number Koha item type
  Dewey Decimal Classification   Not For Loan Non-fiction Central Library, University of Rajshahi Central Library, University of Rajshahi Reading Room 20/10/1955 Mokurum pub. 10.60   398.220942 TAL 1955 25/02/2014 C-1 Books